Detalles MARC
| 000 -ENCABEZADO |
| Número de control [NR] |
03575nam a22003617i 4500 |
| 001 - NÚMERO DE CONTROL |
| control field |
B-12629 |
| 003 - IDENTIFICADOR DE CONTROL NÚMERO |
| control field |
CO-BoFNCP |
| 007 - CAMPO DESCRIPCIÓN FÍSICA FIJA - INFORMACIÓN GENERAL |
| fixed length control field |
t|| |
| 008 - DE LONGITUD FIJA DE DATOS DE ELEMENTOS - INFORMACIÓN GENERAL |
| Elementos de longitud fija [NR] |
091005s2009 my r eng d |
| 040 ## - FUENTE DE CATALOGACION [NR] |
| Agencia de catalogación original [NR] |
CO-BoFNCP |
| Idioma de catalogación [NR] |
Español |
| Quien Cataloga |
CO-BoFNCP |
| Convenciones de la descripción [NR] |
rda |
| 041 ## - CODIGO DE IDIOMA [R] |
| Código de idioma para texto/pista de sonido o título separado [R] |
Inglés |
| 043 ## - CODIGO DE AREA GEOGRAFICA [NR] |
| Código de área geográfica [R] |
my |
| 084 ## - OTRO NUMERO DE CLASIFICACION [R] |
| Número clasificador [R] |
A- |
| 100 0# - ASIENTO PRINCIPAL--NOMBRE PERSONAL [NR] |
| Nombre personal [NR] |
Maizatul Suriza Mohamed |
| ID Autoridad |
41880, |
| Término relacionador [R] |
autor. |
| Relator code |
aut |
| 245 10 - MENCION DE TITULO [NR] |
| Título [NR] |
The efficacy of glyphosate monoammonium and other commercial herbicides to control vlounteer oil palm seedlings in oil palm plantations. |
| 264 #4 - PRODUCCIÓN, PUBLICACIÓN, DISTRIBUCIÓN, FABRICACIÓN Y COPYRIGHT |
| Fecha de producción, publicación, distribución, fabricación o copyright |
©2009 |
| 300 ## - DESCRIPCION FISICA [R] |
| Extensión [R] |
páginas 27-34 : |
| Otros detalles físicos [NR] |
Tablas, fotografías. |
| 336 ## - TIPO DE CONTENIDO |
| Término de tipo de contenido |
texto |
| Código de tipo de contenido |
txt |
| Fuente |
rdacontent |
| 337 ## - TIPO DE MEDIO |
| Nombre/término del tipo de medio |
sin mediación |
| Código del tipo de medio |
n |
| Fuente |
rdamedia |
| 338 ## - TIPO DE SOPORTE |
| Nombre/término del tipo de soporte |
volumen |
| Código del tipo de soporte |
nc |
| Fuente |
rdacarrier |
| 504 ## - NOTA DE BIBLIOGRAFIA, ETC. [R] |
| Nota de bibliografía, etc. [NR] |
Incluye referencias bibliográficas. |
| 520 ## - NOTA DE RESUMEN, ETC. [R] |
| Nota de sumario, etc. [NR] |
The unwanted oil palm seedlings termed as VOPs (volunteer oil palm seedlings) germinated from uncollected fruits in the field to become weed in oil palm plantations. Uncontrolled VOPs will hinder field operations such as harvesting and collection of fresh fruit bunches (FFB) and fertiliser application. A study to evaluate the efficacy of herbicides for controlling VOPs has been conducted in a plantation at Bangi, Selangor, Malaysia under mature oil palm (19 years old). Twelve treatments were carried out including an untreated control, 2.4-D isopropylamine 45 percent w/w at 2.5 L per hectare, diuron 80 percent w/w at 1.0 kg per hectare, glusofinate ammonium 13.5 percent w/w at 3.3 L per hectare, glyphosate dimethylamine 52 percent w/wat 3.0 L per hectare, glyphosate isopropylamine 41 percent w/w at 4.0 L per hectare, glyphosate monoammonium 33.6 percent w/w at 5.0 L per hectare, imazapyr isopropylamine 11.9 percent w/w 2.5 L per hectare, MSMA 35.5 percent w/w at 5.0 L per hectare, paraquat dichloride 13 percent w/w at 5.0 L percent, a mixture of glufosinate ammonium 5.8 percent w/w + imazapyr 5.5 percent w/w + 2.4-D 4.7 percent w/w at 1.2 L per hectare and a mixture of glyphosate isopropylamine 34 percent w/w + MCPA isopropylamine 6.5 percent w/w at 3.0 L per hectare. All the herbicides were sprayed at a volume of 450 L per hectare normally applied for general weed control (GWC) using a knapsack sprayer fitted with a hollow cone nozzle tip. Foliar symptoms were recorded at 1, 2, 3 and 7 days after application (DAA). Subsequent assessments were conducted at weekly intervals until 70 DAA. At 3 DAA, severely scorching of leaves was observed on VOPs sprayed with paraquat dichloride (5.0 L/ha) and MSMA (5.0 L/ha). At 7 DAA paraquat dichloride at 5.0 L per hectare (93% kill) and MSMA at 5.0 L per hectare (20% kill) were significantly more effective than the other herbicides. At 14 DAA, there was 100 percent control of VOPs by glyphosate monoammonium at 5.0 L per hectare, followed by paraquat dichloride at 5.0 L per hectare (93%) and glyphosate isopropylamine at 4.0 L per hectare (70%). Regrowth of treated VOPs were recorded for all treatments except glyphosate monoammonium (5.0L/ha). Glyphosate monoammonium (5.0L/ha) is the most superior herbicide to control VOPs using normal knapsack GWC spray volume of 450 L per hectare followed by paraquat dichloride (5.0L/ha) and glyphosate isopropylamine (4.0L/ha). |
| 650 #0 - ASIENTO SECUNDARIO DE MATERIA - TERMINO TEMATICO [R] |
| Término temático o nombre geográfico como elemento de entrada [NR] |
Control de malezas |
| 9 (RLIN) |
30046. |
| 650 #0 - ASIENTO SECUNDARIO DE MATERIA - TERMINO TEMATICO [R] |
| Término temático o nombre geográfico como elemento de entrada [NR] |
Herbicidas. |
| 9 (RLIN) |
12486 |
| 650 #0 - ASIENTO SECUNDARIO DE MATERIA - TERMINO TEMATICO [R] |
| Término temático o nombre geográfico como elemento de entrada [NR] |
Malaysia |
| 9 (RLIN) |
33575. |
| 650 #0 - ASIENTO SECUNDARIO DE MATERIA - TERMINO TEMATICO [R] |
| Término temático o nombre geográfico como elemento de entrada [NR] |
Palma de aceite |
| 9 (RLIN) |
37678. |
| 651 #0 - ASIENTO SECUNDARIO DE MATERIA - NOMBRE GEOGRAFICO [R] |
| Nombre geográfico [NR] |
Malaysia |
| 9 (RLIN) |
33575. |
| 700 1# - ASIENTO SECUNDARIO - NOMBRE PERSONAL [R] |
| Nombre personal [NR] |
Seman, Idris Abu |
| 9 (RLIN) |
37241. |
| 773 0# - ASIENTO DEL ITEM FUENTE [R] |
| Asiento principal [NR] |
The Planter (Malasia) |
| Información sobre la relación [R] |
v. 85, no. 994 (2009), p.27-34 |
| Número de control del registro [R] |
A- |
| Número Internacional Normalizado para Publicaciones Seriadas - ISSN [NR] |
0126-575x |
| 942 ## - ELEMENTOS DE ENTRADA AGREGADOS (KOHA) |
| Sistema de clasificación |
Local |
| Tipo de ítem principal el descrito en 300a |
Artículo |
| 999 ## - NÚMEROS DE SISTEMAS DE CONTROL (KOHA) |
| Koha biblionumber |
26601 |
| 999 ## - NÚMEROS DE SISTEMAS DE CONTROL (KOHA) |
| Registro cosechable |
Si |